000 00410nam a2200169 a 4500
001 7005
003 CO-ViMGA
008 141112s2004 ck r 000 u spa d
040 _aCO-ViMGA
_bspa
_cCO-ViMGA
082 0 4 _a658.8 J334
100 1 _aJefkins, Frank
_96052
245 1 0 _aComercialización actual
260 _aMexico :
_bTrillas,
_c1997
300 _a384 p
650 1 4 _aMERCADOTECNIA
942 _2ddc
_cBK
999 _c18972
_d18972